000 004980000a22002050004500
003 LK-CoMWRAF
008 230817t ||||| |||| 00| 0 eng d
020 _a9559655507
040 _aLK-CoMWRAF
_dLK-CoMWRAF
_eLK-CoMWRAF
041 _aeng
082 _a301
_bMUN
100 _aMunasinha, Indrani
245 _aParani Lakthiva Kanthava
_bFrom 7th century-15th century
260 _a
300 _ap.202
650 _asinhala
650 _awomen's history
650 _awomen-SL
942 _cBK
999 _c3133
_d3133